| 000 | 02910nam a2200301 a 4500 | ||
|---|---|---|---|
| 003 | OSt | ||
| 005 | 20251111133944.0 | ||
| 007 | cr ||||||a|c|a | ||
| 008 | 231128s2019 mx a|||fom||| 001 0 spa d | ||
| 040 | _erda | ||
| 100 | 1 |
_9188316 _aHernández Valencia, Vicente |
|
| 245 | 1 | 0 |
_aManejo de antracnosis (colletotrichum sp.) en el cultivo de papaya (Carica papaya L.) mediante el uso de productos alternativos, extractos y fungicidas / _cpor Vicente Hernández Valencia : director de tesis Manuel Alejandro Tejeda Reyes. |
| 264 | 1 |
_aChapingo, México : _bEl autor, _c2019. |
|
| 300 |
_a1 recurso en línea ( 68 páginas): _bcuadros, figuras. |
||
| 336 |
_2rdacontent _atexto _btxt |
||
| 337 |
_2rdamedia _acomputadora _bc |
||
| 338 |
_2rdacarrier _arecurso en línea _bcr |
||
| 502 |
_bIAEPA _cParasitología _d2019. _gLIC |
||
| 504 | _aIncluye referencias bibliográficas: páginas 50-56. | ||
| 520 | _aLa fruta de la papaya ha adquirido relevancia en los últimos años debido a su buena calidad gustativa y a su alto valor nutricional. A pesar del creciente interés por este cultivo como una nueva alternativa para la exportación. La antracnosis causada por el hongo C. gloeosporioides Penz. es la enfermedad más grave de los frutos; el organismo se instala en el fruto cuando todavía es verde e inicia su actividad con las lluvias, produciendo unos pequeños puntos que rápidamente aumentan de tamaño, originando manchas deprimidas y rodeadas de un halo acuoso de diferente color, que coalescen y acaban por invadir todo el fruto. En el presente trabajo se utilizaron tratamientos alternativos, fungicidas y extractos vegetales aplicados para el manejo de C. gloeosporioides de papaya en in vitro y en campo. Los resultados mostraron que Ciprodinil (37.5%) + Fludioxonil (25 %) a dosis de 0.187 g y 0.312 g y sulfato de cobre (25%) a dosis de 0.25 g y 0.125 g fueron efectivos para el control de la enfermedad C. gloeosporioides, se obtuvo una inhibición del 93.38%. Iprodiona (50 %) y Tiabendazol (60 %) que en sus dosis altas (0.468 g) se obtuvo 71.90 % de inhibición. En campo los mejores tratamientos fueron NPsAu (15 %), NPsCu (15 %) con un 90.63 Y 90 % de inhibición respectivamente y los extractos con mejor resultado fueron el de bugambilia (33%) con 77.08 % y T. lucida (0.1%) (extraccion con aceite) con 61.54 % de inhibición. Siendo estos como alternativa para evitar el uso excesivo de fungicidas convencionales como Clorotalonil y Azoxystrobin. | ||
| 650 | 4 |
_985334 _aPapaya _xEnfermedades por hongos |
|
| 650 | 4 |
_9133990 _aColletotrichum gloeosporioides _xControl |
|
| 650 | 4 |
_9129639 _aExtractos vegetales como fungicida |
|
| 650 | 4 |
_944045 _aFungicidas _xAnálisis |
|
| 700 | 1 |
_9112025 _aTejeda Reyes, Manuel Alejandro _edirector. |
|
| 856 |
_uhttp://10.13.5.2/tesis/tl/Hernandez_Valencia_Vicente.pdf _zDESCARGAR PDF |
||
| 942 |
_2Clasificación Universidad Autónoma Chapingo _cTD |
||
| 999 |
_c219459 _d219459 |
||